Municipis de la comarca de l'Alt Empordà amb mapa (Catalunya) - Statistics

General Stats
  • This quiz has been taken 160 times
  • The average score is 23 of 68
Answers on the Map
Answers color-coded by a green-red scale on the quiz's map according to % correct below.
 
Answer Stats
Answer % Correct
La Jonquera
63%
Portbou
57%
Colera
52%
Saus, Camallera i Llampaies
52%
Cantallops
50%
Sant Climent Sescebes
50%
Albanyà
48%
Pedret i Marzà
48%
Peralada
48%
Roses
48%
Cadaqués
46%
El Port de la Selva
46%
La Selva de Mar
46%
Rabós
46%
Darnius
43%
La Vajol
43%
Palau de Santa Eulàlia
43%
Sant Llorenç de la Muga
43%
Agullana
41%
Boadella i les Escaules
41%
Cabanelles
41%
Capmany
41%
Figueres
41%
Llançà
41%
Maçanet de Cabrenys
41%
Vilamaniscle
41%
Espolla
39%
Terrades
39%
Mollet de Peralada
37%
Pau
37%
Vilafant
37%
Vilajuïga
37%
Garriguella
35%
Sant Pere Pescador
35%
Vilabertran
35%
Palau-saverdera
33%
Castelló d'Empúries
30%
L'Escala
30%
Lladó
30%
Ordis
30%
Cistella
28%
Pont de Molins
28%
Avinyonet de Puigventós
26%
Bàscara
26%
Borrassà
26%
Cabanes
26%
Masarac
26%
Santa Llogaia d'Àlguema
26%
El Far d'Empordà
24%
Llers
24%
Vilanant
24%
Biure
22%
Pontós
22%
Sant Mori
22%
Torroella de Fluvià
22%
Ventalló
22%
Vila-sacra
22%
Vilaür
22%
Sant Miquel de Fluvià
20%
L'Armentera
17%
Navata
17%
Viladamat
17%
Fortià
15%
Vilamacolum
15%
Garrigàs
13%
Siurana
13%
Vilamalla
13%
Riumors
11%
No matching quizzes found
Score Distribution
Percent of People with Each Score
Percentile by Number Answered
Your Score History
You have not taken this quiz